书目信息 |
| 题名: |
影视人类学概论
|
|
| 作者: | 张江华 著 | |
| 分册: | ||
| 出版信息: | 北京 社会科学文献出版社 2000.09 |
|
| 页数: | 367页 | |
| 开本: | 32开 | |
| 丛书名: | ||
| 单 册: | ||
| 中图分类: | J90-05 | |
| 科图分类: | ||
| 主题词: | 电影--文化人类学--研究 , 电视--文化人类学 | |
| 电子资源: | ||
| ISBN: | 7-80149-340-0 | |
| 000 | 00606nam0 2200205 45 | |
| 001 | 0204221465 | |
| 005 | 20031219104054.8 | |
| 010 | @a7-80149-340-0@dCNY25.00 | |
| 100 | @a20020422d2000 km y0chiy0120 ea | |
| 101 | 0 | @achi |
| 105 | @af z 000yy | |
| 200 | 1 | @a影视人类学概论@AYing Shi Ren Lei Xue Gai Lun@f张江华等著@FZhang Jiang Hua Deng Zhu |
| 210 | @a北京@c社会科学文献出版社@d2000.09 | |
| 215 | @a367页@c冠图@d32开 | |
| 606 | 0 | @a电影@x文化人类学@x研究 |
| 606 | 0 | @a电视@x文化人类学 |
| 690 | @aJ90-05@v4 | |
| 701 | @a张江华@4著 | |
| 801 | @aCN@bTSTC@c20020422 | |
| 905 | @b308893-897@dJ90-05@e71@f5 | |
| 影视人类学概论/张江华等著.-北京:社会科学文献出版社,2000.09 |
| 367页:冠图;32开 |
| ISBN 7-80149-340-0:CNY25.00 |
| ● |
| 相关链接 |
|
|
|
|
正题名:影视人类学概论
索取号:J90-05/71
 
预约/预借
| 序号 | 登录号 | 条形码 | 馆藏地/架位号 | 状态 | 备注 |
| 1 | 0308893 | 203088933 | 第一借阅区/ [索取号:J90-05/71] | 在馆 | |
| 2 | 0308894 | 203088942 | 第一借阅区/ [索取号:J90-05/71] | 在馆 | |
| 3 | 0308895 | 203088951 | 第一借阅区/ [索取号:J90-05/71] | 在馆 | |
| 4 | 0308896 | 203088960 | 第一借阅区/ [索取号:J90-05/71] | 在馆 | |
| 5 | 0308897 | 203088979 | 第一样本阅览室/ [索取号:J90-05/71] | 在馆 |